01817nam a2200409 a 4500001001000000003000500010005001700015008004100032010001100073011001100084040000900095090001000104100003600114245015800150260004100308500006000349502008500409590004100494590004100535590004100576590004100617590004100658590004100699590004000740590004000780650005900820650005100879650004000930650005900970856007001029901000701099942001001106942000601116999001901122952013101141952013501272000113527CHAP20220329144359.0170731s2016 mx sm |||||||spa d a109988 a110960 cCHAP aTesis1 aFonseca Varela, Mariana913286610aManual de análisis de laboratorio para lactosuero fresco y nanofiltrado en Cremería Covadonga S.A. de C.V.h[En línea]cpor Mariana Fonseca Varela. aChapingo, Méx. :bEl autor,c2016. aPara ver el contenido del material haga clic en la liga aTesis (Ing. Agroindustrial) -- UACH. Departamento de Ingeniería Agroindustrial aBATCH-UPDb05c20170731lUCH01h1204 aBATCH-UPDb10c20170801lUCH01h0847 aBATCH-UPDb10c20170801lUCH01h0851 aE11695DGDb10c20170801lUCH01h0847 aE11695DGDb10c20170801lUCH01h0849 aE11695DGDb10c20170801lUCH01h0850 aE5765TAJb05c20170731lUCH01h1203 aE5765TAJb05c20170731lUCH01h120414aProductos lacteosxManuales de procedimientos.913286914aProductos lácteosxNormas de calidad.99214714aSuero de lechexAnálisis.913286814aSuero de lechexProcesadoxDiagramas de flujo.9132867 aFinding aiduhttp://10.13.5.2/tesis/sist113527.pdfzTeclea aquí aBK cTESIS n0 c109988d109988 00104054718TESISaBCbBCd2017-07-31fTESISl0oTesisp113528-10r2019-12-31 00:00:00w2019-12-31yTESISzRecien adquirido 00102local4053708TESISaBCbBCcPA_TESISd2017-07-31fTESISl0oTesisp113528-20r2019-12-31 00:00:00tc.2w2019-12-31yTESIS